Squadre che partecipano alla Serie A 25/26 - Statistics

Statistiche generali
  • Questo quiz è stato fatto 75 volte
  • Il punteggio medio è 19 su 20
Statistiche sulle risposte
SQUADRA % Corretto
Fiorentina
100%
Inter
100%
Milan
100%
Torino
100%
Atalanta
98%
Como
98%
Juventus
98%
Napoli
98%
Roma
98%
Bologna
97%
Pisa
97%
Lazio
95%
Sassuolo
95%
Udinese
95%
Cagliari
94%
Cremonese
94%
Parma
94%
Genoa
92%
Hellas Verona
92%
Lecce
91%
Nessun quiz corrispondente trovato
Distribuzione punteggi
Percentuale di utenti per punteggio
Percentile per numero di risposta
I tuoi punteggi nel tempo
Non hai fatto questo quiz